Nalaganje...

Immunology

Bibliografske podrobnosti
Main Authors: N.O, K R Joshi, N O Osama
Format: Printed Book
Jezik:Undetermined
Izdano: Agrobios 360
India
Izdaja:5
Teme:
LEADER 00709nam a2200289Ia 4500
008 141122s9999 xx 000 0 und d
020 |a 8177541799 
040 |c . 
041 |a English 
082 |a 616.074 
082 |b JOS/IMM 
100 |a  N.O 
100 |a K R Joshi 
100 |a N O Osama 
245 |a Immunology  
245 |c K R Joshi 
250 |a 5 
260 |b Agrobios 
260 |b India 
260 |c 360 
300 |a 360 Pages 
365 |a 595 
500 |a Single -L 
650 |a Microbiology 
942 |c BK 
999 |c 7064  |d 7064 
952 |0 0  |1 0  |4 0  |6 616_074000000000000_JOSIMM  |7 0  |9 7022  |a COVAS  |b COVAS  |d 0000-00-00  |g 595.00  |o 616.074 JOS/IMM  |p 18563 - G   |r 2014-11-26  |w 2014-11-26  |y BK